000 00581nam a2200217Ia 4500
003 OSt
005 20221006145402.0
006 a|||||r|||| 00| 0
007 ta
008 221006b |||||||| |||| 00| 0 eng d
024 _a14,671
037 _bGift,
_cTextual
040 _aEASL
_cEASL
_beng
041 _2eng
_aeng
082 _aO41,3x, M1
245 0 _aPeacock maiden
_b Folk from China (Third series)
260 _aBeijing
_bForeign Languages Press
_c1981
300 _a141p.
_ccm.
942 _hO41,3x, M1
_cTEXL
_2CC
999 _c1082757
_d1082757